A treatise on silk worms : In two parts. The first of their management within doors, and the second, concerning their treatment in open air, upon hedges. /

Bibliographic Details
Main Author: Member of the Agricultural Society of the State of New-York
Other Authors: De La Bigarre, Pierre
Format: eBook
Language:English
Series:Early American imprints. Evans (1639-1800) ; no. 26276.
Subjects:
Online Access:Evans Digital Edition

MARC

Tag First Indicator Second Indicator Subfields
LEADER 00000cam a22000001a 4500
001 in00002166021
006 m e d #
007 cr mn mmmmabba
008 861212s1793 nyu s 000 0 eng d
005 20260331162851.4
035 |z w029897 
035 |a MAAR8612123704B 
035 |9 mwa91-8735 
035 |a 340646 
035 |a aas03029897 
040 |a MWA  |c MWA  |e bdrb  |d UtOrBLW 
100 0 |a Member of the Agricultural Society of the State of New-York. 
245 1 2 |a A treatise on silk worms :  |b In two parts. The first of their management within doors, and the second, concerning their treatment in open air, upon hedges. /  |c By a member of the Agricultural Society of the State of New-York. --1793.--. 
264 3 |a New-York :  |b Printed by T. Allen, bookseller and stationer, no. 12, Queen-Street,  |c --1793-- 
300 |a 30 pages, 2 unnumbered pages 
336 |a text  |b txt  |2 rdacontent 
337 |a computer  |b c  |2 rdamedia 
338 |a online resource  |b cr  |2 rdacarrier 
500 |a A manuscript note on the title page of the Eleutherian Mills Historical Library copy assigns the authorship to Peter de La Bigarre. 
500 |a Dedicated to Mrs. Jeannette Montgomery. 
500 |a "An act to incorporate the Society Instituted in the State of New-York, for the Promotion of Agriculture, Arts and Manufactures."--pages [31-32]. 
510 4 |a Evans  |c 26276 
510 4 |a Rink, E. Technical Americana,  |c 1711 
530 |a Microform version available in the Readex Early American Imprints series. 
533 |a Electronic text and image data.  |b [Chester, Vt. :  |c Readex, a division of Newsbank, Inc.,  |d 2002-2004.  |e Includes files in TIFF, GIF and PDF formats with inclusion of keyword searchable text.  |f (Early American imprints. First series ; no. 26276). 
500 |a Electronic resource. 
650 0 |a Silkworms. 
700 1 |a De La Bigarre, Pierre. 
752 |a United States  |b New York  |d New York. 
830 0 |a Early American imprints.  |n Series I,  |p Evans (1639-1800) ;  |v no. 26276. 
856 4 1 |u http://proxy.library.tamu.edu/login?url=https://opac.newsbank.com/select/evans/26276  |y Evans Digital Edition  |t 0 
999 |a MARS 
999 f f |s bbf6aed6-d7cf-3de6-a608-6651745c6014  |i ff505614-585c-3ab7-a003-6fd112b7030a  |t 0 
952 f f |a Texas A&M University  |b College Station  |c Electronic Resources  |s www_evans  |d Available Online  |t 0  |h No information provided 
998 f f |t 0  |l Available Online